Music Quiz

Random Music or Artist Quiz

Album Covers III Quiz Stats

 Plays Quiz Updated Oct 11, 2018

Score 0/20 Timer 06:00
12 Plays Today
Artist Album % Correct
The BeatlesHelp!
63.5%
Pearl JamTen
54.8%
Red Hot Chili PeppersBlood Sugar Sex Magik
52.7%
Simon and GarfunkelBridge Over Troubled Water
44.9%
BostonBoston
42.4%
Marvin GayeWhat's Going On
38.9%
Elton JohnGoodbye Yellow Brick Road
37.3%
RadioheadKid A
33.6%
Backstreet BoysMillennium
32.1%
Dave Matthews BandCrash
30.1%
Artist Album % Correct
Def LeppardPyromania
28.4%
Kenny RogersThe Gambler
26.7%
The CarsThe Cars
26.6%
Billy JoelThe Stranger
23.6%
SantanaSupernatural
22.9%
Hootie & the BlowfishCracked Rear View
16.4%
John ColtraneA Love Supreme
13.4%
ToolUndertow
11.9%
L.L. Cool JRadio
9.2%
John DenverRocky Mountain High
5.9%

You're not logged in!

Compare scores with friends on all Sporcle quizzes.
OR
Log In

Show Comments

Extras

Top Quizzes Today


Score Distribution

Your Account Isn't Verified!

In order to create a playlist on Sporcle, you need to verify the email address you used during registration. Go to your Sporcle Settings to finish the process.

Report this User

Report this user for behavior that violates our Community Guidelines.

Details: